000 00630nam a22002177a 4500
001 27429
003 BD-RjUL
005 20211209051144.0
008 140325s1968 enkb|||| |||| 001 0 eng d
035 _a(BD-RjUL)27503
040 _aBD-RjUL
_beng
_cBD-RjUL
_dBD-RjUL
041 _aeng
082 0 4 _a 320.97309
_bSNA 1968
100 1 _aSnowman, Daniel
_984253
245 1 0 _aAmerica science 1920 /
_cby Daniel Snowman
260 _aNew York :
_bHaper & row,
_c1968.
300 _a192p. :
_bill. ;
_c18cm.
504 _aInclude index and bibliorgaphy
651 0 _a United States
_x History
_y20th century.
_984185
942 _2ddc
_cBK
999 _c27429
_d27429